000
00336nam a2200145Ia 4500
005
20251222175924.0
008
251222s9999||||xx |||||||||||||| ||spa||
020
_a
8478889256
082
_a
800/G76
100
_a
Goudge, Elizabeth
245
0
_a
El Pequeño Caballo Blanco
250
_a
2da.ed.
264
_b
Salamandra
942
_c
LIB
999
_c
40783
_d
40783